Loading...
Governance of Higher Education
| Sprog: | Undetermined |
|---|
| LEADER | 00393nab a2200109Ia 4500 | ||
|---|---|---|---|
| 008 | 170811c99999999xx |||||||||||| ||und|| | ||
| 245 | |a Governance of Higher Education | ||
| 500 | |a Spl issue on G.H.E | ||
| 773 | |t University News |g Vol. 48 No. 45 (8/11/10) 2010 | ||
| 942 | |c ART | ||
| 999 | |c 176191 |d 176191 | ||
| 952 | |0 0 |1 0 |4 0 |7 0 |9 242039 |a LIB |b LIB |d 2017-08-13 |h Vol. 48 No. 45 (8/11/10) 2010 |r 2017-08-13 |w 2017-08-13 |y ART | ||